Světové klenoty UNESCO /
Průvodce obsahuje výčet a popis památek UNESCO podle světadílů. Jsou zde kulturní i přírodní památky, celé krajiny či různé světové zajímavosti a pozoruhodnosti.
Uloženo v:
| Hlavní autor: | |
|---|---|
| Médium: | E-kniha |
| Jazyk: | Czech |
| Vydáno: |
V Brně :
CPress,
2020
|
| Vydání: | 1. vydání |
| Témata: | |
| Tagy: |
Žádné tagy |
| LEADER | 02551nam a2200613 i 4500 | ||
|---|---|---|---|
| 001 | 268427 | ||
| 003 | CZ PrSKC | ||
| 005 | 20240628161215.0 | ||
| 007 | ta | ||
| 008 | 201125s2020 xr a e 001 0 cze | ||
| 015 | |a cnb003264622 | ||
| 020 | |a 9788026433538 |q (vázáno) : |c Kč 990,00 | ||
| 035 | |a (OCoLC)1230105969 | ||
| 040 | |a ABA001 |b cze |e rda | ||
| 043 | |a x------ | ||
| 072 | 7 | |a 904 |x Kulturní památky historického období obecně |2 Konspekt | |
| 080 | |a 904 |2 MRF | ||
| 080 | |a 72:904 |2 MRF | ||
| 080 | |a 502.21(1-751.4) |2 MRF | ||
| 080 | |a 930.85 |2 MRF | ||
| 080 | |a (100) |2 MRF | ||
| 080 | |a (048.8) |2 MRF | ||
| 080 | |a (084.12) |2 MRF | ||
| 100 | 1 | |a Pohunek, Jan, |d 1981- |7 pag2008446275 |4 aut | |
| 245 | 1 | 0 | |a Světové klenoty UNESCO / |c Jan Pohunek |
| 246 | 3 | 0 | |a UNESCO |
| 250 | |a 1. vydání | ||
| 264 | 1 | |a V Brně : |b CPress, |c 2020 | |
| 300 | |a 487 stran : |b barevné ilustrace ; |c 28 cm | ||
| 336 | |a text |b txt |2 rdacontent | ||
| 336 | |a statický obraz |b sti |2 rdacontent | ||
| 337 | |a bez média |b n |2 rdamedia | ||
| 338 | |a svazek |b nc |2 rdacarrier | ||
| 500 | |a Obsahuje rejstřík | ||
| 520 | 2 | |a Průvodce obsahuje výčet a popis památek UNESCO podle světadílů. Jsou zde kulturní i přírodní památky, celé krajiny či různé světové zajímavosti a pozoruhodnosti. | |
| 610 | 2 | 7 | |a UNESCO |7 kn20010711459 |2 czenas |
| 650 | 0 | 7 | |a kulturní památky |7 ph115033 |z země světa |2 czenas |
| 650 | 0 | 7 | |a architektonické památky |7 ph118585 |z země světa |2 czenas |
| 650 | 0 | 7 | |a přírodní památky |7 ph137870 |z země světa |2 czenas |
| 650 | 0 | 7 | |a kulturní dědictví |7 ph137975 |z země světa |2 czenas |
| 650 | 0 | 9 | |a cultural monuments |z countries of the world |2 eczenas |
| 650 | 0 | 9 | |a architectural monuments |z countries of the world |2 eczenas |
| 650 | 0 | 9 | |a natural monuments |z countries of the world |2 eczenas |
| 650 | 0 | 9 | |a cultural heritage |z countries of the world |2 eczenas |
| 655 | 7 | |a přehledy |7 fd133202 |2 czenas | |
| 655 | 7 | |a fotografické publikace |7 fd132276 |2 czenas | |
| 655 | 9 | |a surveys |2 eczenas | |
| 655 | 9 | |a photographical works |2 eczenas | |
| 900 | |a ABA001 |b 19 | ||
| 928 | 9 | |a Albatros Media - CPress | |
| 044 | |a xr | ||
| 910 | |a RBIT002 | ||
| 998 | |d 264236 |a https://core.palmknihy.cz/api/books/264236/cover?qjb579 |b https://core.palmknihy.cz/api/books/264236/cover/400?qjb579 |c https://core.palmknihy.cz/api/books/264236/cover/50?qjb579 |e 2029-12-31 |g 488 |i 9788026433538 |k https://core.palmknihy.cz/api/books/264236/preview.pdf |l |q 49 |r 1 |s https://www.palmknihy.cz/kniha/264236 |t ebook |y 2020 |z 0 | ||
| 999 | |d 268425 | ||